<?xml version="1.0" encoding="UTF-8"?><?xml-stylesheet type="text/xsl" href="static/style.xsl"?><OAI-PMH xmlns="http://www.openarchives.org/OAI/2.0/" xmlns:xsi="http://www.w3.org/2001/XMLSchema-instance" xsi:schemaLocation="http://www.openarchives.org/OAI/2.0/ http://www.openarchives.org/OAI/2.0/OAI-PMH.xsd"><responseDate>2026-06-01T10:29:58Z</responseDate><request verb="GetRecord" identifier="oai:riuma.uma.es:10630/17257" metadataPrefix="marc">https://riuma.uma.es/rest/oai/request</request><GetRecord><record><header><identifier>oai:riuma.uma.es:10630/17257</identifier><datestamp>2026-02-03T11:51:28Z</datestamp><setSpec>com_10630_2254</setSpec><setSpec>col_10630_37959</setSpec></header><metadata><record xmlns="http://www.loc.gov/MARC21/slim" xmlns:dcterms="http://purl.org/dc/terms/" xmlns:doc="http://www.lyncode.com/xoai" xmlns:xsi="http://www.w3.org/2001/XMLSchema-instance" xsi:schemaLocation="http://www.loc.gov/MARC21/slim http://www.loc.gov/standards/marcxml/schema/MARC21slim.xsd">
   <leader>00925njm 22002777a 4500</leader>
   <datafield ind2=" " ind1=" " tag="042">
      <subfield code="a">dc</subfield>
   </datafield>
   <datafield ind2=" " ind1=" " tag="720">
      <subfield code="a">Muñoz, Alberto</subfield>
      <subfield code="e">author</subfield>
   </datafield>
   <datafield ind2=" " ind1=" " tag="260">
      <subfield code="c">2019-02-05</subfield>
   </datafield>
   <datafield ind2=" " ind1=" " tag="520">
      <subfield code="a">Los organoides son cultivos celulares tridimensionales, inicialmente de origen epitelial, generados por células stem/troncales (adultas, embrionales o inducidas) que reproducen parcialmente las características de sus tejidos de origen. Constituyen un sistema más apropiado que las clásicas líneas celulares de crecimiento bidimensional en plástico para estudios de biologia del desarrollo y celular e histología, así como de procesos de tumorogénesis y de medicina regenerativa. Revisaremos los procesos de establecimiento de los primeros organoides a partir de intestino delgado y luego colon, así como los numerosos estudios que indican su utilidad para el estudio del cáncer de colorrectal y el ensayo de drogas antitumorales y medicina personalizada.</subfield>
   </datafield>
   <datafield ind1="8" ind2=" " tag="024">
      <subfield code="a">https://hdl.handle.net/10630/17257</subfield>
   </datafield>
   <datafield tag="653" ind2=" " ind1=" ">
      <subfield code="a">Cáncer - Investigación</subfield>
   </datafield>
   <datafield tag="653" ind2=" " ind1=" ">
      <subfield code="a">Intestinos - Cáncer</subfield>
   </datafield>
   <datafield ind2="0" ind1="0" tag="245">
      <subfield code="a">Organoides: qué son y para qué sirven. Organoides colónicos y cáncer</subfield>
   </datafield>
</record>
</metadata></record></GetRecord></OAI-PMH>